[Event "Deutsche Ländermeisterschaft 2024"]
[Site "Tübingen GER"]
[Date "2024.10.05"]
[Round "6"]
[White "Junge, Mattheo Gabriel"]
[Black "Bursan, Ana-Maria"]
[Result "1-0"]
[Termination "normal"]
[Board "5.6"]
[WhiteElo "1907"]
[BlackElo "1769"]
[WhiteClock "00:56:25"]
[BlackClock "00:40:55"]
[WhiteTeam "Thüringen"]
[BlackTeam "Württemberg"]
[PlyCount "47"]
[WhiteFideId "34605908"]
[BlackFideId "34620150"]
[EventCountry "GER"]
[EventRounds "7"]
[EventType "team-swiss"]
[EventDate "2024.10.02"]

1. e4 {[%clk 01:30:55]} {[%emt 00:00:06]} e6 {[%clk 01:30:46]} {[%emt
00:00:13]} 2. d4 {[%clk 01:31:17]} {[%emt 00:00:08]} d5 {[%clk 01:31:12]}
{[%emt 00:00:03]} 3. e5 {[%clk 01:31:41]} {[%emt 00:00:06]} c5 {[%clk
01:31:33]} {[%emt 00:00:08]} 4. c3 {[%clk 01:31:58]} {[%emt 00:00:14]} Nc6
{[%clk 01:31:57]} {[%emt 00:00:06]} 5. Nf3 {[%clk 01:32:19]} {[%emt 00:00:09]}
Qb6 {[%clk 01:32:19]} {[%emt 00:00:06]} 6. Bd3 {[%clk 01:32:37]} {[%emt
00:00:14]} cxd4 {[%clk 01:32:35]} {[%emt 00:00:14]} 7. O-O {[%clk 01:32:59]}
{[%emt 00:00:08]} Bd7 {[%clk 01:32:35]} {[%emt 00:00:30]} 8. Re1 {[%clk
01:33:14]} {[%emt 00:00:15]} Nge7 {[%clk 01:30:45]} {[%emt 00:02:21]} 9. h4
{[%clk 01:33:26]} {[%emt 00:00:18]} Rc8 {[%clk 01:28:14]} {[%emt 00:03:01]} 10.
h5 {[%clk 01:33:46]} {[%emt 00:00:11]} dxc3 {[%clk 01:23:38]} {[%emt 00:05:05]}
11. Nxc3 {[%clk 01:33:51]} {[%emt 00:00:24]} Nb4 {[%clk 01:21:58]} {[%emt
00:02:08]} 12. Be3 {[%clk 01:28:17]} {[%emt 00:06:05]} Qc7 {[%clk 01:17:24]}
{[%emt 00:05:04]} 13. Nb5 {[%clk 01:22:48]} {[%emt 00:05:59]} Bxb5 {[%clk
01:14:29]} {[%emt 00:03:25]} 14. Bxb5+ {[%clk 01:23:04]} {[%emt 00:00:14]} Nec6
{[%clk 01:08:09]} {[%emt 00:06:49]} 15. a3 {[%clk 01:21:22]} {[%emt 00:02:13]}
Qa5 {[%clk 01:02:35]} {[%emt 00:06:04]} 16. Bf1 {[%clk 01:19:24]} {[%emt
00:02:27]} Na6 {[%emt 00:13:27]} 17. b4 Naxb4 {[%clk 00:48:09]} {[%emt
00:02:48]} 18. axb4 {[%clk 01:18:09]} {[%emt 00:01:27]} Qxb4 {[%clk 00:48:32]}
{[%emt 00:00:07]} 19. Qc2 {[%clk 01:03:57]} {[%emt 00:14:41]} Be7 {[%clk
00:44:13]} {[%emt 00:04:50]} 20. Ra4 {[%clk 01:03:14]} {[%emt 00:01:12]} Qxa4
{[%clk 00:40:49]} {[%emt 00:03:54]} 21. Qxa4 {[%clk 01:03:36]} {[%emt
00:00:07]} O-O {[%clk 00:41:12]} {[%emt 00:00:07]} 22. Qg4 {[%clk 01:03:36]}
{[%emt 00:00:31]} a5 {[%clk 00:40:31]} {[%emt 00:01:12]} 23. h6 {[%clk
00:56:03]} {[%emt 00:08:03]} g6 {[%clk 00:40:55]} {[%emt 00:00:06]} 24. Bg5
{[%clk 00:56:25]} {[%emt 00:00:08]} 1-0

[Event "Deutsche Ländermeisterschaft 2024"]
[Site "Tübingen GER"]
[Date "2024.10.05"]
[Round "6"]
[White "Dohon, Maria-Johanna"]
[Black "Loos, Tilda"]
[Result "1/2-1/2"]
[Termination "normal"]
[Board "5.7"]
[WhiteElo "1717"]
[BlackElo "1700"]
[WhiteClock "00:03:41"]
[BlackClock "00:30:13"]
[WhiteTeam "Württemberg"]
[BlackTeam "Thüringen"]
[PlyCount "82"]
[WhiteFideId "34600957"]
[BlackFideId "34620559"]
[EventCountry "GER"]
[EventRounds "7"]
[EventType "team-swiss"]
[EventDate "2024.10.02"]

1. e4 {[%clk 01:30:55]} {[%emt 00:00:04]} c5 {[%clk 01:30:56]} {[%emt
00:00:06]} 2. Nf3 {[%clk 01:31:02]} {[%emt 00:00:21]} Nc6 {[%clk 01:31:23]}
{[%emt 00:00:04]} 3. Nc3 {[%clk 01:31:14]} {[%emt 00:00:17]} Nf6 {[%clk
01:31:30]} {[%emt 00:00:23]} 4. d4 {[%clk 01:29:21]} {[%emt 00:02:23]} cxd4
{[%clk 01:31:55]} {[%emt 00:00:05]} 5. Nxd4 {[%clk 01:29:43]} {[%emt 00:00:07]}
e5 {[%clk 01:32:21]} {[%emt 00:00:05]} 6. Ndb5 {[%clk 01:29:45]} {[%emt
00:00:28]} d6 {[%clk 01:32:45]} {[%emt 00:00:07]} 7. Bg5 {[%clk 01:29:54]}
{[%emt 00:00:20]} a6 {[%clk 01:33:00]} {[%emt 00:00:17]} 8. Na3 {[%clk
01:28:46]} {[%emt 00:01:37]} b5 {[%clk 01:33:23]} {[%emt 00:00:08]} 9. Nd5
{[%clk 01:27:37]} {[%emt 00:01:39]} Be7 {[%clk 01:33:46]} {[%emt 00:00:08]} 10.
Bxf6 {[%clk 01:27:21]} {[%emt 00:00:45]} Bxf6 {[%clk 01:34:09]} {[%emt
00:00:07]} 11. c3 {[%clk 01:26:42]} {[%emt 00:01:09]} Bg5 {[%clk 01:33:38]}
{[%emt 00:01:01]} 12. Nc2 {[%clk 01:25:41]} {[%emt 00:01:31]} Rb8 {[%clk
01:33:15]} {[%emt 00:00:53]} 13. Be2 {[%clk 01:23:41]} {[%emt 00:02:29]} Be6
{[%clk 01:30:34]} {[%emt 00:03:12]} 14. O-O {[%clk 01:19:50]} {[%emt 00:04:20]}
O-O {[%clk 01:30:24]} {[%emt 00:00:42]} 15. Nce3 {[%clk 01:17:21]} {[%emt
00:02:58]} Bxe3 {[%clk 01:29:25]} {[%emt 00:01:30]} 16. Nxe3 {[%clk 01:15:07]}
{[%emt 00:02:42]} Ne7 {[%clk 01:29:00]} {[%emt 00:00:55]} 17. Qd2 {[%clk
01:06:07]} {[%emt 00:09:29]} d5 {[%clk 01:27:33]} {[%emt 00:01:59]} 18. exd5
{[%clk 01:05:54]} {[%emt 00:00:43]} Nxd5 {[%clk 01:27:47]} {[%emt 00:00:16]}
19. Nxd5 {[%clk 01:05:02]} {[%emt 00:01:22]} Bxd5 {[%clk 01:26:45]} {[%emt
00:01:32]} 20. Rfd1 {[%clk 01:02:58]} {[%emt 00:02:34]} Bb7 {[%clk 01:26:15]}
{[%emt 00:01:00]} 21. Qxd8 {[%clk 00:59:34]} {[%emt 00:03:54]} Rfxd8 {[%clk
01:26:34]} {[%emt 00:00:12]} 22. f3 {[%clk 00:58:40]} {[%emt 00:01:23]} f5
{[%clk 01:24:37]} {[%emt 00:02:28]} 23. Kf2 {[%clk 00:55:56]} {[%emt 00:03:13]}
Kf7 {[%clk 01:22:29]} {[%emt 00:02:40]} 24. Ke1 {[%clk 00:37:26]} {[%emt
00:18:59]} Bc6 {[%clk 01:08:16]} {[%emt 00:14:44]} 25. Rxd8 {[%clk 00:33:49]}
{[%emt 00:04:06]} Rxd8 {[%clk 01:08:43]} {[%emt 00:00:03]} 26. Rd1 {[%clk
00:33:39]} {[%emt 00:00:40]} Rxd1+ {[%clk 00:58:00]} {[%emt 00:11:14]} 27. Bxd1
{[%clk 00:31:37]} {[%emt 00:02:31]} Ke7 {[%clk 00:56:08]} {[%emt 00:02:23]} 28.
Kd2 {[%clk 00:27:19]} {[%emt 00:04:47]} Kd6 {[%clk 00:55:40]} {[%emt 00:00:59]}
29. Be2 {[%clk 00:25:21]} {[%emt 00:02:27]} Bd5 {[%clk 00:53:30]} {[%emt
00:02:41]} 30. a3 {[%clk 00:22:15]} {[%emt 00:03:35]} h6 {[%clk 00:47:09]}
{[%emt 00:06:51]} 31. Ke1 {[%clk 00:16:42]} {[%emt 00:06:03]} Kc5 {[%clk
00:45:21]} {[%emt 00:02:19]} 32. Kf2 {[%clk 00:13:16]} {[%emt 00:03:55]} Bc4
{[%clk 00:43:11]} {[%emt 00:02:42]} 33. Bd1 {[%clk 00:13:28]} {[%emt 00:00:17]}
Kd6 {[%clk 00:40:46]} {[%emt 00:02:56]} 34. Bc2 {[%clk 00:13:04]} {[%emt
00:00:54]} Be6 {[%clk 00:38:30]} {[%emt 00:02:47]} 35. Ke3 {[%clk 00:12:34]}
{[%emt 00:00:59]} g5 {[%clk 00:27:41]} {[%emt 00:11:20]} 36. h3 {[%clk
00:10:29]} {[%emt 00:02:34]} h5 {[%clk 00:24:31]} {[%emt 00:03:41]} 37. Bd1
{[%clk 00:10:32]} {[%emt 00:00:26]} h4 {[%clk 00:17:54]} {[%emt 00:07:07]} 38.
Kf2 {[%clk 00:08:01]} {[%emt 00:03:00]} Bd7 {[%clk 00:10:01]} {[%emt 00:08:25]}
39. Bc2 {[%clk 00:06:18]} {[%emt 00:02:11]} Be6 {[%clk 00:02:07]} {[%emt
00:08:26]} 40. Ke3 {[%clk 00:05:10]} {[%emt 00:01:36]} Kc5 {[%clk 00:01:26]}
{[%emt 00:01:12]} 41. Bd3 {[%clk 00:03:41]} {[%emt 00:01:59]} Kd6 {[%clk
00:30:13]} {[%emt 00:01:42]} 1/2-1/2

[Event "Deutsche Ländermeisterschaft 2024"]
[Site "Tübingen GER"]
[Date "2024.10.05"]
[Round "6"]
[White "Albrecht, Sidney Jenna"]
[Black "Tu, Audrey"]
[Result "0-1"]
[Termination "normal"]
[Board "5.8"]
[WhiteElo "1544"]
[BlackElo "1722"]
[WhiteClock "00:27:57"]
[BlackClock "00:17:18"]
[WhiteTeam "Thüringen"]
[BlackTeam "Württemberg"]
[PlyCount "64"]
[WhiteFideId "34660283"]
[BlackFideId "34628568"]
[EventCountry "GER"]
[EventRounds "7"]
[EventType "team-swiss"]
[EventDate "2024.10.02"]

1. c4 {[%clk 01:30:58]} {[%emt 00:00:03]} c5 {[%clk 01:30:57]} {[%emt
00:00:02]} 2. Nf3 {[%clk 01:31:22]} {[%emt 00:00:06]} Nc6 {[%clk 01:31:20]}
{[%emt 00:00:06]} 3. d4 {[%clk 01:31:42]} {[%emt 00:00:09]} cxd4 {[%clk
01:31:46]} {[%emt 00:00:04]} 4. Nxd4 {[%clk 01:32:04]} {[%emt 00:00:08]} g6
{[%clk 01:32:04]} {[%emt 00:00:12]} 5. e4 {[%clk 01:32:00]} {[%emt 00:00:34]}
Bg7 {[%clk 01:32:17]} {[%emt 00:00:17]} 6. Be3 {[%clk 01:32:20]} {[%emt
00:00:10]} d6 {[%clk 01:31:35]} {[%emt 00:01:13]} 7. Nc3 {[%clk 01:31:23]}
{[%emt 00:01:25]} Nf6 {[%clk 01:31:17]} {[%emt 00:00:48]} 8. Be2 {[%clk
01:30:16]} {[%emt 00:01:37]} Bd7 {[%clk 01:30:07]} {[%emt 00:01:41]} 9. O-O
{[%clk 01:29:49]} {[%emt 00:00:57]} O-O {[%clk 01:30:06]} {[%emt 00:00:31]} 10.
Qc2 {[%clk 01:28:07]} {[%emt 00:02:11]} Rb8 {[%clk 01:27:25]} {[%emt 00:03:11]}
11. Rfd1 {[%clk 01:26:36]} {[%emt 00:02:02]} Nxd4 {[%clk 01:24:18]} {[%emt
00:03:37]} 12. Bxd4 {[%clk 01:26:46]} {[%emt 00:00:19]} Qa5 {[%clk 01:13:32]}
{[%emt 00:11:17]} 13. a3 {[%clk 01:22:56]} {[%emt 00:04:19]} a6 {[%clk
01:11:41]} {[%emt 00:02:21]} 14. b4 {[%clk 01:20:12]} {[%emt 00:03:13]} Qc7
{[%clk 01:08:13]} {[%emt 00:03:59]} 15. c5 {[%clk 01:14:10]} {[%emt 00:06:32]}
dxc5 {[%clk 01:04:55]} {[%emt 00:03:48]} 16. Bxc5 {[%clk 01:14:06]} {[%emt
00:00:34]} Rbc8 {[%clk 00:48:16]} {[%emt 00:17:09]} 17. Rac1 {[%clk 01:11:42]}
{[%emt 00:02:54]} Rfe8 {[%clk 00:46:57]} {[%emt 00:01:49]} 18. Bf3 {[%clk
01:04:23]} {[%emt 00:07:49]} b6 {[%clk 00:45:02]} {[%emt 00:02:26]} 19. Bd4
{[%clk 01:00:58]} {[%emt 00:03:54]} Bh6 {[%clk 00:40:49]} {[%emt 00:04:44]} 20.
Be3 {[%clk 00:59:21]} {[%emt 00:02:06]} Bxe3 {[%clk 00:37:27]} {[%emt
00:03:53]} 21. fxe3 {[%clk 00:58:21]} {[%emt 00:01:29]} Bg4 {[%clk 00:32:59]}
{[%emt 00:05:00]} 22. Rd2 {[%clk 00:48:39]} {[%emt 00:10:11]} Qe5 {[%clk
00:28:00]} {[%emt 00:05:29]} 23. Qb3 {[%clk 00:43:20]} {[%emt 00:05:48]} Qg5
{[%clk 00:24:57]} {[%emt 00:03:34]} 24. Kf2 {[%clk 00:35:07]} {[%emt 00:08:43]}
Qh4+ {[%clk 00:21:00]} {[%emt 00:04:27]} 25. Ke2 {[%clk 00:32:43]} {[%emt
00:02:54]} Bxf3+ {[%clk 00:18:30]} {[%emt 00:03:01]} 26. gxf3 {[%clk 00:31:38]}
{[%emt 00:01:35]} Qxh2+ {[%clk 00:18:44]} {[%emt 00:00:17]} 27. Kd1 {[%clk
00:31:09]} {[%emt 00:00:59]} Red8 {[%clk 00:16:28]} {[%emt 00:02:46]} 28. Nb1
{[%clk 00:28:36]} {[%emt 00:03:02]} Qg1+ {[%clk 00:16:23]} {[%emt 00:00:33]}
29. Ke2 {[%clk 00:28:18]} {[%emt 00:00:50]} Qg2+ {[%clk 00:16:24]} {[%emt
00:00:29]} 30. Ke1 {[%clk 00:27:56]} {[%emt 00:00:52]} Rxc1+ {[%clk 00:16:45]}
{[%emt 00:00:10]} 31. Rd1 {[%clk 00:27:46]} {[%emt 00:00:40]} Rcxd1+ {[%clk
00:17:00]} {[%emt 00:00:15]} 32. Qxd1 {[%clk 00:27:57]} {[%emt 00:00:18]} Qg1+
{[%clk 00:17:18]} {[%emt 00:00:12]} 0-1

[Event "Deutsche Ländermeisterschaft 2024"]
[Site "Tübingen GER"]
[Date "2024.10.05"]
[Round "6"]
[White "Haubold, Sebastian"]
[Black "Semling, Johannes"]
[Result "1/2-1/2"]
[Termination "normal"]
[Board "6.1"]
[WhiteElo "2030"]
[BlackElo "2206"]
[WhiteClock "00:51:27"]
[BlackClock "01:04:53"]
[WhiteTeam "Sachsen-Anhalt"]
[BlackTeam "Baden"]
[PlyCount "40"]
[WhiteFideId "16259637"]
[BlackFideId "16290151"]
[EventCountry "GER"]
[EventRounds "7"]
[EventType "team-swiss"]
[EventDate "2024.10.02"]

1. e4 {[%clk 01:30:54]} {[%emt 00:00:05]} e6 {[%clk 01:30:52]} {[%emt
00:00:08]} 2. d4 {[%clk 01:31:08]} {[%emt 00:00:16]} d5 {[%clk 01:31:16]}
{[%emt 00:00:06]} 3. Nd2 {[%clk 01:31:26]} {[%emt 00:00:13]} c5 {[%clk
01:31:33]} {[%emt 00:00:12]} 4. exd5 {[%clk 01:31:32]} {[%emt 00:00:25]} Qxd5
{[%clk 01:31:46]} {[%emt 00:00:17]} 5. Ngf3 {[%clk 01:31:48]} {[%emt 00:00:15]}
cxd4 {[%clk 01:32:00]} {[%emt 00:00:15]} 6. Bc4 {[%clk 01:31:51]} {[%emt
00:00:26]} Qd6 {[%clk 01:32:16]} {[%emt 00:00:13]} 7. O-O {[%clk 01:31:44]}
{[%emt 00:00:38]} Nf6 {[%clk 01:32:05]} {[%emt 00:00:41]} 8. Nb3 {[%clk
01:31:41]} {[%emt 00:00:34]} Nc6 {[%clk 01:32:14]} {[%emt 00:00:20]} 9. Nbxd4
{[%clk 01:31:49]} {[%emt 00:00:23]} Nxd4 {[%clk 01:32:34]} {[%emt 00:00:10]}
10. Nxd4 {[%clk 01:32:15]} {[%emt 00:00:04]} Be7 {[%clk 01:32:26]} {[%emt
00:00:37]} 11. c3 {[%clk 01:27:59]} {[%emt 00:04:46]} O-O {[%clk 01:31:27]}
{[%emt 00:01:30]} 12. Qf3 {[%clk 01:25:10]} {[%emt 00:03:19]} Qc7 {[%clk
01:30:34]} {[%emt 00:01:22]} 13. Bb3 {[%clk 01:19:00]} {[%emt 00:06:41]} a5
{[%clk 01:29:53]} {[%emt 00:01:10]} 14. a4 {[%clk 01:16:26]} {[%emt 00:03:05]}
Bd7 {[%clk 01:28:35]} {[%emt 00:01:48]} 15. Bc2 {[%clk 01:12:20]} {[%emt
00:04:36]} Rfd8 {[%clk 01:23:29]} {[%emt 00:05:34]} 16. Bg5 {[%clk 01:11:32]}
{[%emt 00:01:20]} h6 {[%clk 01:20:19]} {[%emt 00:03:38]} 17. Bh4 {[%clk
01:07:24]} {[%emt 00:04:39]} Bc6 {[%clk 01:17:04]} {[%emt 00:03:44]} 18. Nxc6
{[%clk 01:03:36]} {[%emt 00:04:19]} bxc6 {[%clk 01:11:56]} {[%emt 00:05:37]}
19. Rfd1 {[%clk 00:56:11]} {[%emt 00:07:56]} Qb6 {[%clk 01:08:54]} {[%emt
00:03:27]} 20. b3 {[%clk 00:51:27]} {[%emt 00:05:19]} Kf8 {[%clk 01:04:53]}
{[%emt 00:04:29]} 1/2-1/2

[Event "Deutsche Ländermeisterschaft 2024"]
[Site "Tübingen GER"]
[Date "2024.10.05"]
[Round "6"]
[White "Uhlmann, Tim"]
[Black "Haubold, Christian"]
[Result "1-0"]
[Termination "normal"]
[Board "6.2"]
[WhiteElo "2068"]
[BlackElo "2084"]
[WhiteClock "00:36:30"]
[BlackClock "00:22:18"]
[WhiteTeam "Baden"]
[BlackTeam "Sachsen-Anhalt"]
[PlyCount "85"]
[WhiteFideId "16239210"]
[BlackFideId "16259629"]
[EventCountry "GER"]
[EventRounds "7"]
[EventType "team-swiss"]
[EventDate "2024.10.02"]

1. e4 {[%clk 01:30:44]} {[%emt 00:00:15]} e5 {[%clk 01:30:54]} {[%emt
00:00:06]} 2. Nf3 {[%clk 01:31:11]} {[%emt 00:00:03]} Nc6 {[%clk 01:31:20]}
{[%emt 00:00:04]} 3. Bc4 {[%clk 01:31:35]} {[%emt 00:00:06]} Nf6 {[%clk
01:31:44]} {[%emt 00:00:06]} 4. d4 {[%clk 01:32:03]} {[%emt 00:00:03]} exd4
{[%clk 01:16:23]} {[%emt 00:15:51]} 5. e5 {[%clk 01:32:06]} {[%emt 00:00:27]}
d5 {[%clk 01:11:30]} {[%emt 00:05:22]} 6. Bb5 {[%clk 01:32:12]} {[%emt
00:00:23]} Ne4 {[%clk 01:11:42]} {[%emt 00:00:19]} 7. Nxd4 {[%clk 01:32:33]}
{[%emt 00:00:10]} Bd7 {[%clk 01:11:37]} {[%emt 00:00:34]} 8. Bxc6 {[%clk
01:32:54]} {[%emt 00:00:10]} bxc6 {[%clk 01:12:00]} {[%emt 00:00:07]} 9. O-O
{[%clk 01:33:06]} {[%emt 00:00:17]} c5 {[%clk 01:05:09]} {[%emt 00:07:21]} 10.
Ne2 {[%clk 01:30:09]} {[%emt 00:03:26]} c6 {[%clk 00:57:35]} {[%emt 00:08:04]}
11. c4 {[%clk 01:22:25]} {[%emt 00:08:15]} d4 {[%clk 00:30:43]} {[%emt
00:27:22]} 12. f3 {[%clk 01:22:16]} {[%emt 00:00:39]} Ng5 {[%clk 00:30:59]}
{[%emt 00:00:14]} 13. f4 {[%clk 01:18:05]} {[%emt 00:04:42]} Ne4 {[%clk
00:28:58]} {[%emt 00:02:30]} 14. f5 {[%clk 01:16:05]} {[%emt 00:02:30]} g6
{[%clk 00:17:31]} {[%emt 00:11:58]} 15. f6 {[%clk 01:11:29]} {[%emt 00:05:05]}
Bf5 {[%clk 00:16:30]} {[%emt 00:01:31]} 16. Nf4 {[%clk 00:57:15]} {[%emt
00:14:44]} h5 {[%clk 00:14:42]} {[%emt 00:02:18]} 17. Nxh5 {[%clk 00:46:55]}
{[%emt 00:10:51]} Rxh5 {[%clk 00:13:08]} {[%emt 00:02:03]} 18. g4 {[%clk
00:47:17]} {[%emt 00:00:08]} Rh4 {[%clk 00:09:35]} {[%emt 00:04:03]} 19. gxf5
{[%clk 00:46:26]} {[%emt 00:01:22]} d3 {[%clk 00:08:37]} {[%emt 00:01:27]} 20.
Be3 {[%clk 00:41:37]} {[%emt 00:05:19]} Bh6 {[%clk 00:08:11]} {[%emt 00:00:56]}
21. Qf3 {[%clk 00:34:57]} {[%emt 00:07:10]} gxf5 {[%clk 00:04:31]} {[%emt
00:04:10]} 22. Nc3 {[%clk 00:22:31]} {[%emt 00:12:56]} Bxe3+ {[%clk 00:04:34]}
{[%emt 00:00:27]} 23. Qxe3 {[%clk 00:22:59]} {[%emt 00:00:02]} Qd4 {[%clk
00:04:54]} {[%emt 00:00:10]} 24. Qxd4 {[%clk 00:19:47]} {[%emt 00:03:43]} cxd4
{[%clk 00:05:20]} {[%emt 00:00:03]} 25. Nd1 {[%clk 00:15:40]} {[%emt 00:04:37]}
O-O-O {[%clk 00:05:12]} {[%emt 00:00:38]} 26. Rf3 {[%clk 00:15:32]} {[%emt
00:00:37]} Rg8+ {[%clk 00:05:16]} {[%emt 00:00:26]} 27. Kh1 {[%clk 00:15:39]}
{[%emt 00:00:23]} Rgh8 {[%clk 00:05:25]} {[%emt 00:00:21]} 28. h3 {[%clk
00:15:26]} {[%emt 00:00:43]} Rxh3+ {[%clk 00:05:37]} {[%emt 00:00:19]} 29. Rxh3
{[%clk 00:15:52]} {[%emt 00:00:04]} Rxh3+ {[%clk 00:06:00]} {[%emt 00:00:06]}
30. Kg2 {[%clk 00:16:18]} Rg3+ {[%clk 00:06:19]} {[%emt 00:00:15]} 31. Kh2
{[%clk 00:16:36]} {[%emt 00:00:11]} Kd7 {[%clk 00:06:19]} {[%emt 00:00:31]} 32.
b4 {[%clk 00:15:20]} {[%emt 00:01:46]} d2 {[%clk 00:05:37]} {[%emt 00:01:11]}
33. a4 {[%clk 00:13:03]} {[%emt 00:02:47]} f4 {[%clk 00:05:26]} {[%emt
00:00:41]} 34. Ra2 {[%clk 00:10:35]} {[%emt 00:02:57]} Rd3 {[%clk 00:04:48]}
{[%emt 00:01:08]} 35. b5 {[%clk 00:08:58]} {[%emt 00:02:08]} c5 {[%clk
00:03:27]} {[%emt 00:01:51]} 36. a5 {[%clk 00:06:54]} {[%emt 00:02:34]} Rb3
{[%clk 00:03:45]} {[%emt 00:00:12]} 37. b6 {[%clk 00:06:56]} {[%emt 00:00:29]}
a6 {[%clk 00:02:08]} {[%emt 00:02:07]} 38. Rb2 {[%clk 00:06:08]} {[%emt
00:01:18]} Rxb2 {[%clk 00:01:40]} {[%emt 00:00:59]} 39. Nxb2 {[%clk 00:06:33]}
{[%emt 00:00:05]} f3 {[%clk 00:01:15]} {[%emt 00:00:55]} 40. e6+ {[%clk
00:05:47]} {[%emt 00:01:16]} Kxe6 {[%clk 00:00:34]} {[%emt 00:01:11]} 41. b7
{[%clk 00:06:08]} {[%emt 00:00:09]} f2 {[%clk 00:22:18]} {[%emt 00:08:46]} 42.
Kg2 {[%emt 00:00:42]} Ng3 43. Kxf2 {[%clk 00:36:30]} {[%emt 00:00:03]} 1-0